[Event "TV2 IM 2017"]
[Site "Fagernes NOR"]
[Date "2017.04.12"]
[Round "5.4"]
[White "Jacobsen,Mikkel Manosri"]
[Black "Akesson,R"]
[Result "0-1"]
[WhiteElo "2219"]
[BlackElo "2452"]

1.d4 g6 2.Nc3 Bg7 3.Nf3 d6 4.h4 Nf6 5.Bf4 Nbd7 6.Qd2 h6 7.e4 e6 8.O-O-O a6
9.e5 dxe5 10.dxe5 Ng4 11.Ne4 Qe7 12.h5 g5 13.Bg3 Ndxe5 14.Nxe5 Bxe5 15.Bxe5
Nxe5 16.f4 f5 17.fxe5 fxe4 18.Qe3 Bd7 19.Qxe4 Bc6 20.Qg6+ Qf7 21.Qxf7+ Kxf7
22.Bc4 Ke7 23.Rd2 Rhf8 24.Rhd1 Rf5 25.Be2 Rf2 26.g3 Raf8 27.Bg4 Rxd2 28.Rxd2
Bd5 29.Kd1 Rf1+ 30.Ke2 Rg1 31.Bf3 Rxg3 32.Bxd5 exd5 33.Rxd5 Rh3 34.Rc5 c6
35.b4 Rh4 36.c4 Rh2+ 37.Ke3 Rxa2 38.b5 axb5 39.cxb5 Ra5 40.Ke4 Rxb5 {#R} 0-1

[Event "TV2 Elo Open 2017"]
[Site "Fagernes NOR"]
[Date "2017.04.12"]
[Round "5"]
[White "Mansoor,Afras"]
[Black "Gaure,Sigurd Lauvas"]
[Result "1-0"]
[WhiteElo "2037"]
[BlackElo "1504"]

1.d4 Nf6 2.c4 g6 3.Nc3 Bg7 4.e4 d6 5.f4 Bg4 6.Qb3 Qc8 7.Be3 O-O 8.h3 Bd7 9.Nf3
Re8 10.O-O-O a6 11.g4 Nxg4 12.hxg4 Bxg4 13.Be2 Bxf3 14.Bxf3 e5 15.fxe5 dxe5
16.d5 Nd7 17.Bg4 b5 18.c5 Nxc5 19.Bxc8 Nxb3+ 20.axb3 Rexc8 21.Kc2 Bf8 22.Bg5
Bd6 23.Bf6 c6 24.dxc6 Rxc6 25.Kb1 b4 26.Nd5 Re8 27.Rh2 h5 28.Rg1 Kh7 29.Rg5
Rec8 30.Rg1 a5 31.Rgh1 Kh6 32.Ne3 Bf8 33.Nd5 Re6 34.Rg2 Rc5 35.Bg5+ Kg7 36.Be3
Rc8 37.Rxh5 Bc5 38.Bxc5 Rxc5 39.Rh1 Rec6 40.Rgh2 f6 41.Rh7+ Kg8 42.Rh8+ Kg7
43.R1h7# 1-0

[Event "TV2 Elo Open 2017"]
[Site "Fagernes NOR"]
[Date "2017.04.12"]
[Round "5"]
[White "Gundersen,I"]
[Black "Wetle Hoem,T"]
[Result "0-1"]
[WhiteElo "1825"]
[BlackElo "1965"]

1.e4 c5 2.Nf3 d6 3.d4 cxd4 4.Nxd4 Nf6 5.Nc3 g6 6.f3 Bg7 7.Be3 Nc6 8.Qd2 O-O
9.O-O-O d5 10.Bh6 Nxd4 11.Bxg7 Nxf3 12.gxf3 Kxg7 13.h4 e5 14.exd5 Bf5 15.Bd3
Qd7 16.Qh2 Bxd3 17.Rxd3 Qf5 18.Re1 Nd7 19.Kb1 Rfd8 20.Ne4 Nb6 21.Ng3 Qf6
22.Red1 h5 23.Qg2 Kh7 24.Qh3 Nc4 25.Ne4 Qb6 26.Rb3 Rxd5 27.Nf6+ Qxf6 28.Rxd5
Rd8 29.Rdd3 Nd2+ 30.Rxd2 Rxd2 31.a3 Qc6 32.Rc3 Qd5 33.Rb3 Rd1+ 34.Ka2 a5 {#R}
0-1

[Event "TV2 Elo Open 2017"]
[Site "Fagernes NOR"]
[Date "2017.04.12"]
[Round "5"]
[White "Dahl,Torbjorn"]
[Black "Olsen,Alf Marius Foss"]
[Result "1-0"]
[WhiteElo "1962"]
[BlackElo "1712"]

1.e4 c5 2.d3 d6 3.f4 Nc6 4.Nf3 e6 5.Be2 Be7 6.O-O Nf6 7.c3 O-O 8.Na3 a6 9.Nc2
b5 10.Qe1 Re8 11.h3 Bb7 12.Be3 Rc8 13.g4 Kh8 14.Qg3 Ng8 15.Rf2 Qd7 16.Ng5 Rf8
17.Nxh7 Kxh7 18.g5 g6 19.h4 Kg7 20.h5 Bd8 21.hxg6 fxg6 22.Qh3 Rf7 23.Bg4 Re7
24.Raf1 Rc7 25.f5 exf5 26.exf5 gxf5 27.Bxf5 Qxf5 28.Qxf5 Rcd7 29.Qf8+ Kh8
30.g6 Ne5 31.Rh2+ Rh7 32.Rxh7+ Rxh7 33.gxh7 Be7 34.Qxg8# 1-0

[Event "TV2 Elo Open 2017"]
[Site "Fagernes NOR"]
[Date "2017.04.12"]
[Round "5"]
[White "Johansen,Ka"]
[Black "Mella,A"]
[Result "1-0"]
[WhiteElo "1929"]
[BlackElo "1724"]

1.d4 Nf6 2.Bf4 e6 3.e3 c5 4.Nf3 Nc6 5.Nc3 a6 6.d5 exd5 7.Nxd5 Nxd5 8.Qxd5 Nb4
9.Qd2 d5 10.a3 Nc6 11.O-O-O Be6 12.Ng5 Qa5 13.Nxe6 fxe6 14.Be2 Qxd2+ 15.Rxd2
Be7 16.Bg4 Kf7 17.e4 d4 18.h4 h6 19.Rd3 Bf6 20.Rf3 Ke7 21.Bh5 Rhf8 22.g3 b5
23.Re1 e5 24.Bd2 a5 25.Rf5 Kd6 26.f4 Ne7 27.fxe5+ Bxe5 28.Rxf8 Rxf8 29.Rg1 b4
30.a4 c4 31.Be1 g6 32.Be2 Rc8 33.Rf1 d3 34.Bg4 Rc7 35.Rf8 dxc2 36.Kxc2 h5
37.Rd8+ Kc6 38.Be2 b3+ 39.Kc1 Kb6 40.Rb8+ Ka6 41.Rb5 c3 42.Rxe5+ {#r} 1-0

[Event "TV2 Elo Open 2017"]
[Site "Fagernes NOR"]
[Date "2017.04.12"]
[Round "5"]
[White "Ali,Karim"]
[Black "Grindbakken,Erik"]
[Result "1-0"]
[WhiteElo "1841"]
[BlackElo "1644"]

1.e4 c6 2.d3 d5 3.Nd2 e6 4.Ngf3 Nf6 5.g3 Bc5 6.Bg2 dxe4 7.dxe4 O-O 8.O-O Qc7
9.e5 Nd5 10.Ne4 Be7 11.Qe2 h6 12.c4 Nb6 13.h4 N8d7 14.Bf4 Rd8 15.Rad1 Nf8
16.Nf6+ Kh8 17.Ng5 {#r} 1-0

[Event "TV2 Elo Open 2017"]
[Site "Fagernes NOR"]
[Date "2017.04.12"]
[Round "5"]
[White "Tocklin,T"]
[Black "Reigstad,Erlend"]
[Result "1-0"]
[WhiteElo "1812"]
[BlackElo "1576"]

1.e4 c5 2.Nf3 Nc6 3.Bb5 d6 4.O-O Bd7 5.c3 Nf6 6.Re1 a6 7.Ba4 b5 8.Bc2 e5 9.h3
g5 10.d4 g4 11.hxg4 cxd4 12.g5 Ng4 13.cxd4 exd4 14.Nxd4 Qb6 15.Be3 Nxe3
16.fxe3 Bg7 17.Nxc6 Bxb2 18.Nd2 Bxc6 19.Rb1 Bc3 20.Re2 Bxd2 21.Qxd2 O-O-O
22.Qd4 Qxd4 23.exd4 Rde8 24.Rf1 Re7 25.Rf6 Kc7 26.Bd3 Rg8 27.Rc2 Kd7 28.e5 Bd5
29.Rxd6+ {#r} 1-0

[Event "TV2 Elo Open 2017"]
[Site "Fagernes NOR"]
[Date "2017.04.12"]
[Round "5"]
[White "Skjelstad,Erling"]
[Black "Sebastian,Andreas"]
[Result "1-0"]
[WhiteElo "1671"]
[BlackElo "1810"]

1.e4 c5 2.f4 g6 3.Nf3 Bg7 4.Bc4 Nc6 5.O-O e6 6.Nc3 Nge7 7.d3 O-O 8.Ne2 d5
9.Bb3 dxe4 10.dxe4 b6 11.c3 Ba6 12.Re1 Qxd1 13.Bxd1 Rfd8 14.Ng3 Rd7 15.Bc2
Rad8 16.Be3 Bd3 17.Rac1 Na5 18.Bb3 Nxb3 19.axb3 Nc6 20.Nd2 Na5 21.e5 f6
22.exf6 Bxf6 23.Ra1 Bh4 24.Bxc5 Bxg3 25.hxg3 Bf5 26.Bd4 Rxd4 27.cxd4 Rxd4
28.Nf3 Rb4 29.Re3 Nxb3 30.Rxa7 Nc5 31.Rea3 Ne4 32.Rc7 {#r} 1-0

[Event "TV2 Elo Open 2017"]
[Site "Fagernes NOR"]
[Date "2017.04.12"]
[Round "5"]
[White "Nass,Maria"]
[Black "Lang,Gu jr"]
[Result "1-0"]
[WhiteElo "1659"]
[BlackElo "1753"]

1.e4 e5 2.Nf3 Nc6 3.d4 exd4 4.Nxd4 Bb4+ 5.Nc3 Nge7 6.a3 Bc5 7.Be3 Nxd4 8.Bxd4
Bxd4 9.Qxd4 O-O 10.O-O-O Nc6 11.Qe3 d6 12.f3 a6 13.g4 b5 14.h4 b4 15.axb4 Nxb4
16.g5 c5 17.h5 Qa5 18.Kd2 d5 19.exd5 Nxd5 20.Qe4 Nxc3 21.bxc3 Bb7 22.Qf5 Rad8+
23.Bd3 Rxd3+ 24.cxd3 Qa2+ 25.Ke3 Qg2 26.Rdf1 Re8+ 27.Kf4 Rf8 28.h6 f6 {#r} 1-0

[Event "TV2 Elo Open 2017"]
[Site "Fagernes NOR"]
[Date "2017.04.12"]
[Round "5"]
[White "Gressli,Kristoffer"]
[Black "Tenold,Andreas"]
[Result "0-1"]
[WhiteElo "1752"]
[BlackElo "1687"]

1.d4 d5 2.Nf3 Nf6 3.Bf4 g6 4.e3 Bg7 5.Bd3 c5 6.c3 Nc6 7.dxc5 Nd7 8.h4 e5
9.Nxe5 Ndxe5 10.h5 O-O 11.Na3 Nxd3+ 12.Qxd3 Bf5 13.Qe2 Qa5 14.O-O-O Qxc5 15.g4
Be6 16.Nb5 Ne5 17.f3 Qc4 18.Qh2 Nd3+ 19.Kb1 Qxb5 20.hxg6 fxg6 21.Qg1 Qxb2# 0-1

[Event "TV2 Elo Open 2017"]
[Site "Fagernes NOR"]
[Date "2017.04.12"]
[Round "5"]
[White "Merkesvik,Amalie Isabel"]
[Black "Rist,Karl-Johan"]
[Result "1-0"]
[WhiteElo "1714"]
[BlackElo "1563"]

1.e4 e6 2.d4 d5 3.exd5 exd5 4.Bd3 Nf6 5.Bf4 Bd6 6.Ne2 Bxf4 7.Nxf4 c6 8.O-O Qd6
9.Re1+ Be6 10.Nxe6 fxe6 11.Bf5 Ne4 12.Bxe4 dxe4 13.Rxe4 Nd7 14.Qe1 O-O-O 15.c3
Rde8 16.Nd2 Nf6 17.Re2 Ng4 18.Nf3 h5 19.h3 Nf6 20.Ng5 Qd5 21.Re5 Qd7 22.Qe2
Nd5 23.Re1 Nc7 24.Nxe6 Nd5 25.Nf4 Nxf4 26.Rxe8+ {#r} 1-0

[Event "TV2 Elo Open 2017"]
[Site "Fagernes NOR"]
[Date "2017.04.12"]
[Round "5"]
[White "Smedsrud,Morten S"]
[Black "Bernstein,Jonas August"]
[Result "0-1"]
[WhiteElo "1352"]
[BlackElo "1593"]

1.d4 Nf6 2.c4 e6 3.Nf3 b6 4.e3 Bb7 5.Nbd2 Be7 6.Bd3 d5 7.b3 O-O 8.O-O Nbd7
9.Bb2 c5 10.Rc1 Re8 11.Qc2 h6 12.e4 dxe4 13.Nxe4 cxd4 14.Bxd4 Rc8 15.Rfd1 Qc7
16.b4 Nxe4 17.Bxe4 Bxe4 18.Qxe4 Bxb4 19.Qg4 Bf8 20.Rc3 f5 21.Qg6 Re7 22.Ng5
hxg5 23.Rh3 Qxc4 24.Qh7+ Kf7 25.Qh5+ g6 26.Qh7+ Ke8 27.Qxg6+ Rf7 28.Rh7 e5
29.Re1 e4 30.Rd1 Rc6 31.Qg8 Rxh7 32.Qxh7 Rd6 33.Qxf5 Rxd4 34.Qg6+ Kd8 35.Qxg5+
Be7 36.Qc1 Qxc1 37.Rxc1 Ke8 38.Rc8+ Kf7 39.h3 Bd6 40.Rc1 Ke6 41.Kf1 Ke5 42.Ke2
{#R} 0-1

[Event "Pieniny Masters 2017"]
[Site "Lesnica SVK"]
[Date "2017.04.12"]
[Round "3.1"]
[White "Zilka,S"]
[Black "Kraus,To"]
[Result "1-0"]
[WhiteElo "2523"]
[BlackElo "2418"]

1.e4 c5 2.Nf3 d6 3.d4 cxd4 4.Nxd4 Nf6 5.Nc3 a6 6.Be3 e5 7.Nb3 Be6 8.f3 h5
9.Qd2 Nbd7 10.Nd5 Bxd5 11.exd5 Qc7 12.c4 b6 13.Be2 g6 14.O-O Bg7 15.Rae1 O-O
16.g4 a5 17.g5 Nh7 18.Kh1 a4 19.Na1 Nc5 20.Nc2 Rfe8 21.Na3 Nf8 22.Nb5 Qb8
23.Rg1 Nfd7 24.Rb1 e4 25.f4 Nd3 26.Bxd3 exd3 27.Qxd3 Nc5 28.Bxc5 bxc5 29.f5
gxf5 30.g6 f6 31.Rbe1 Re5 32.Rxe5 fxe5 33.Qxf5 Qf8 34.Qe6+ Kh8 35.Qh3 Qf4
36.Nxd6 h4 37.Rf1 {#r} 1-0

[Event "Pieniny Masters 2017"]
[Site "Lesnica SVK"]
[Date "2017.04.12"]
[Round "3.2"]
[White "Repka,C"]
[Black "Pacher,M"]
[Result "0-1"]
[WhiteElo "2461"]
[BlackElo "2459"]

1.d4 d5 2.Nf3 Nf6 3.c4 e6 4.Nc3 Bb4 5.Qa4+ Nc6 6.e3 O-O 7.Qc2 Re8 8.a3 Bd6
9.b4 a6 10.Bb2 h6 11.Rd1 dxc4 12.Ne5 Bd7 13.Nxc4 Bf8 14.Be2 a5 15.b5 Na7
16.Ne5 Nd5 17.Bh5 Re7 18.a4 Nb4 19.Qe2 c6 20.O-O cxb5 21.d5 exd5 22.Nxd5 Nxd5
23.Rxd5 Qe8 24.Rc1 Be6 25.Rd6 Bb3 26.Ng4 Re4 27.Rb6 Rc8 28.Rxc8 Nxc8 29.Rxb7
Nd6 30.Rc7 Rxa4 31.f4 Qe4 32.Nf2 Qb1+ 33.Rc1 Qa2 34.Ng4 Be6 35.Ne5 Nc4 36.f5
Bd5 37.e4 Bc5+ 38.Kf1 Nxe5 39.exd5 Rf4+ 40.Ke1 Qxd5 {#R} 0-1

[Event "Pieniny Masters 2017"]
[Site "Lesnica SVK"]
[Date "2017.04.12"]
[Round "3.3"]
[White "Pechac,Jergus"]
[Black "Kreisl,R"]
[Result "1-0"]
[WhiteElo "2448"]
[BlackElo "2435"]

1.e4 c6 2.d4 d5 3.exd5 cxd5 4.c4 Nf6 5.Nc3 Nc6 6.Nf3 Bg4 7.cxd5 Nxd5 8.Qb3
Bxf3 9.gxf3 e6 10.Qxb7 Nxd4 11.Bb5+ Nxb5 12.Qc6+ Ke7 13.Qc5+ Nd6 14.Nxd5+ Kd7
15.Nc3 Qb6 16.Qh5 Ke8 17.O-O Nf5 18.Qg4 Rc8 19.Rd1 Bc5 20.Qa4+ Qc6 21.Qe4 Qxe4
22.fxe4 Nd4 23.Be3 Nf3+ 24.Kg2 Bxe3 25.Kxf3 Bb6 26.a4 Ke7 27.a5 Bc7 28.Nb5
Bxh2 29.Nxa7 Rc7 30.Nb5 Rb7 31.Nd4 Rxb2 32.Nc6+ Kf6 33.a6 Rb6 34.Rd8 Rxd8
35.Nxd8 Rb8 36.Nc6 Ra8 37.a7 Bd6 38.Rb1 h5 39.Rb7 e5 40.Nb8 {#r} 1-0

[Event "Pieniny Masters 2017"]
[Site "Lesnica SVK"]
[Date "2017.04.12"]
[Round "3.4"]
[White "Vykouk,Jan"]
[Black "Dragnev,Valentin"]
[Result "1-0"]
[WhiteElo "2424"]
[BlackElo "2515"]

1.e4 e5 2.Nf3 Nc6 3.Bb5 a6 4.Bxc6 dxc6 5.O-O f6 6.d4 exd4 7.Nxd4 c5 8.Ne2 Qxd1
9.Rxd1 Bd7 10.Nbc3 O-O-O 11.Be3 b6 12.Rd2 Re8 13.a4 a5 14.Rad1 Bc6 15.Nb5 Bxb5
16.axb5 Bd6 17.Bf4 Bxf4 18.Nxf4 Nh6 19.Rd7 Rxe4 20.Nd5 Kxd7 21.Nxf6+ Ke7
22.Nxe4 Nf5 23.c3 a4 24.g4 Nd6 25.Nxd6 cxd6 26.Re1+ Kd7 27.f4 Ra8 28.Ra1 c4
29.Kg2 d5 30.Kf3 Kd6 31.h4 Kc5 32.f5 Kxb5 33.g5 Kc5 34.Kf4 b5 35.f6 gxf6
36.gxf6 Kd6 37.Re1 d4 38.Kf5 Rf8 39.Re6+ Kd5 40.Re5+ Kc6 41.cxd4 Kb6 42.Rc5
{#r} 1-0

[Event "Pieniny Ladies 2017"]
[Site "Lesnica SVK"]
[Date "2017.04.12"]
[Round "3.2"]
[White "Kanakova,Natalie"]
[Black "Milcova,Z"]
[Result "1-0"]
[WhiteElo "2112"]
[BlackElo "2041"]

1.e4 d5 2.exd5 Qxd5 3.Nc3 Qd6 4.d4 Nf6 5.Nf3 c6 6.h3 Bf5 7.Ne5 Nbd7 8.Nc4 Qe6+
9.Be2 Nb6 10.Ne5 h6 11.g4 Be4 12.Nxe4 Nxe4 13.Qd3 Nf6 14.Bf4 Nfd5 15.Bg3 Nb4
16.Qd2 Qd5 17.O-O Na6 18.a4 Qe6 19.a5 Nd7 20.Qc3 Nc7 21.Bc4 Nd5 22.Qb3 Nxe5
23.Bxe5 Qd7 24.a6 b6 25.Bd3 e6 26.c4 Nf6 27.d5 Bd6 28.Bxd6 Qxd6 29.dxe6 fxe6
30.Bg6+ Ke7 31.Rfe1 Nd7 32.Rad1 Qf4 33.Qc3 Qf6 34.Qd3 Kf8 35.Qd6+ Kg8 36.Rxe6
Qf3 37.Qxd7 Rf8 38.Bf5 Qxh3 39.Re7 {#r} 1-0

[Event "Pieniny Ladies 2017"]
[Site "Lesnica SVK"]
[Date "2017.04.12"]
[Round "3.5"]
[White "Froewis,A"]
[Black "Pychova,Nela"]
[Result "0-1"]
[WhiteElo "2087"]
[BlackElo "2161"]

1.e4 c5 2.Nf3 Nc6 3.d4 cxd4 4.Nxd4 e5 5.Nb3 Bb4+ 6.Nc3 Nf6 7.Bg5 h6 8.Bxf6
Bxc3+ 9.bxc3 Qxf6 10.Bd3 O-O 11.O-O Rd8 12.a4 d6 13.Qd2 Be6 14.Rab1 Rac8
15.Qe3 Qg5 16.f4 exf4 17.Rxf4 Ne5 18.Nd4 b6 19.h4 Qe7 20.Ba6 Rc5 21.g3 Qd7
22.Nb3 Rc7 23.a5 bxa5 24.Nd4 a4 25.Bb5 Qc8 26.Bxa4 Rxc3 27.Qe1 Qc5 28.Rd1 Rc4
29.c3 Rxa4 30.Kh1 Rc8 31.Nf5 Bxf5 32.exf5 Rxf4 33.gxf4 Qc6+ {#R} 0-1

[Event "ch-KAZ 2017"]
[Site "Almaty KAZ"]
[Date "2017.04.12"]
[Round "2.1"]
[White "Kostenko,P"]
[Black "Utegaliyev,A"]
[Result "0-1"]
[WhiteElo "2440"]
[BlackElo "2516"]

1.e4 e5 2.Nf3 Nc6 3.Bb5 Nf6 4.d3 d6 5.O-O g6 6.Re1 Bg7 7.d4 Bd7 8.Bxc6 Bxc6
9.dxe5 Nxe4 10.exd6 O-O 11.dxc7 Qxc7 12.c3 Rad8 13.Qe2 Nc5 14.Na3 Nd3 15.Rd1
Rfe8 16.Be3 Bxf3 17.gxf3 Qd7 18.Rd2 Qh3 19.Rxd3 Rxd3 20.Qxd3 Be5 21.f4 Bxf4
22.Re1 Bxh2+ 23.Kh1 Bf4+ 24.Kg1 Re5 25.Qd8+ Kg7 26.Qd4 Bh2+ 27.Kh1 f6 28.Qxe5
Bxe5+ 29.Kg1 Bh2+ 30.Kh1 h5 31.Nc2 h4 32.Bd4 Bf4+ 33.Kg1 Qg4+ 34.Kf1 h3
35.Re7+ Kf8 36.Bc5 h2 {#R} 0-1

[Event "GRENKE Chess Open 2017"]
[Site "Karlsruhe GER"]
[Date "2017.04.13"]
[Round "1.1"]
[White "Vitiugov,N"]
[Black "Horn,Sv"]
[Result "1-0"]
[WhiteElo "2729"]
[BlackElo "2154"]

1.c4 Nf6 2.Nc3 c5 3.g3 Nc6 4.Bg2 g6 5.Nf3 Bg7 6.d4 cxd4 7.Nxd4 O-O 8.O-O a6
9.c5 Re8 10.Nb3 h6 11.Be3 Ng4 12.Bd2 d6 13.Qc1 dxc5 14.Nxc5 Kh7 15.h3 Nf6
16.Rd1 e5 17.Bg5 Nd4 18.Bxf6 Qxf6 19.N5e4 Qb6 20.e3 f5 21.exd4 fxe4 22.Nd5 Qa7
23.Nc7 Bd7 24.Nxa8 Rxa8 25.Qc7 Bf5 26.g4 Rc8 27.Qe7 exd4 28.gxf5 gxf5 29.Rac1
Rg8 30.Qe6 Rf8 31.Rc7 d3 32.Qe5 {#r} 1-0

[Event "GRENKE Chess Open 2017"]
[Site "Karlsruhe GER"]
[Date "2017.04.13"]
[Round "1.2"]
[White "Van der Valk,N"]
[Black "Matlakov,M"]
[Result "0-1"]
[WhiteElo "2151"]
[BlackElo "2707"]

1.d4 Nf6 2.c4 g6 3.Nc3 d5 4.Bg5 Ne4 5.Bh4 Nxc3 6.bxc3 dxc4 7.e3 Be6 8.Nf3 Bg7
9.Be2 O-O 10.O-O c5 11.Qc2 Nc6 12.dxc5 Bf5 13.e4 Bg4 14.Bxc4 Bxf3 15.gxf3 Qa5
16.Rfc1 Qxc5 17.Be2 Rac8 18.Qb3 Na5 19.Qa4 Bf6 20.Bxf6 exf6 21.Qb5 Qc7 22.c4
Nc6 23.Rd1 Rfd8 24.Rd5 Nd4 25.Qb2 Rxd5 26.cxd5 Qe5 {#R} 0-1

[Event "GRENKE Chess Open 2017"]
[Site "Karlsruhe GER"]
[Date "2017.04.13"]
[Round "1.3"]
[White "Bacrot,E"]
[Black "Wagner,Fl"]
[Result "1-0"]
[WhiteElo "2696"]
[BlackElo "2149"]

1.e4 e5 2.Nf3 Nc6 3.Bb5 a6 4.Ba4 Nf6 5.d3 d6 6.c3 Be7 7.Nbd2 O-O 8.O-O b5
9.Bc2 Nh5 10.a4 Rb8 11.axb5 axb5 12.d4 exd4 13.cxd4 Nb4 14.Bb1 c5 15.Re1 g6
16.Nf1 d5 17.exd5 Bb7 18.Re5 Nf6 19.Ng3 Bxd5 20.Re1 Nc6 21.dxc5 Bxf3 22.Qxf3
Nd4 23.Qc3 b4 24.Qd3 Bxc5 25.Bg5 Qd6 26.Ra6 Bb6 27.h3 Rfe8 28.Rxe8+ Rxe8
29.Be3 Rd8 30.Qc4 Nd7 31.Ne4 Nf3+ 32.gxf3 Qd1+ 33.Kg2 Ne5 34.Nf6+ Kg7 35.Qf4
Bxe3 36.Qxe3 Nc4 37.Nh5+ Kg8 38.Qh6 {#r} 1-0

[Event "GRENKE Chess Open 2017"]
[Site "Karlsruhe GER"]
[Date "2017.04.13"]
[Round "1.4"]
[White "Jauk,W"]
[Black "Rapport,R"]
[Result "0-1"]
[WhiteElo "2148"]
[BlackElo "2696"]

1.d4 e6 2.Nf3 f5 3.c4 Nf6 4.Nc3 Bb4 5.e3 O-O 6.Be2 Bxc3+ 7.bxc3 b6 8.Ba3 d6
9.O-O c5 10.Qc2 Qe7 11.Nd2 Bb7 12.f3 Nc6 13.Rae1 g6 14.Bd3 e5 15.Nb3 Rae8
16.d5 Nd8 17.Bc1 Bc8 18.f4 Nf7 19.Qf2 Ba6 20.Qc2 exf4 21.exf4 Qxe1 22.Rxe1
Rxe1+ 23.Kf2 Rfe8 24.h3 Rh1 25.Be3 Nh6 26.Kf3 Bb7 27.Nd2 b5 28.Qb2 bxc4
29.Bxc4 Re7 30.Qb3 Kg7 31.Bf2 Nhg4 32.hxg4 fxg4+ 33.Kg3 h5 34.f5 g5 35.Bxc5
h4+ 36.Kf2 g3+ 37.Kf3 dxc5 38.Qb5 Rhe1 39.Qxc5 Bxd5+ 40.Bxd5 R7e3+ 41.Qxe3 g4+
42.Kf4 Nxd5+ {#R} 0-1

[Event "GRENKE Chess Open 2017"]
[Site "Karlsruhe GER"]
[Date "2017.04.13"]
[Round "1.5"]
[White "Fedoseev,Vl3"]
[Black "Knoblauch,L"]
[Result "1-0"]
[WhiteElo "2684"]
[BlackElo "2148"]

1.d4 Nf6 2.c4 e6 3.Nc3 Bb4 4.Nf3 O-O 5.Bf4 Ne4 6.Qc2 f5 7.g3 c5 8.Bg2 Qa5
9.O-O Nxc3 10.a3 Ne4 11.axb4 Qxb4 12.d5 Qb6 13.Rfd1 Na6 14.d6 Nb4 15.Qb3 Qd8
16.Nd2 Nxd2 17.Rxd2 Qb6 18.e4 a5 19.Be5 a4 20.Qc3 g6 21.Bh8 Rf7 22.exf5 gxf5
23.Bf3 h6 24.Bh5 Rh7 25.Qf6 {#r} 1-0

[Event "GRENKE Chess Open 2017"]
[Site "Karlsruhe GER"]
[Date "2017.04.13"]
[Round "1.8"]
[White "Bethke,Richard"]
[Black "Kovalenko,I"]
[Result "0-1"]
[WhiteElo "2145"]
[BlackElo "2659"]

1.e4 d5 2.exd5 Qxd5 3.Nc3 Qa5 4.Bc4 Nf6 5.d3 c6 6.Bd2 Qc7 7.a3 Nbd7 8.Nge2 e6
9.Ng3 b5 10.Ba2 Bb7 11.Nge4 a6 12.Nxf6+ Nxf6 13.Qe2 c5 14.f4 Be7 15.O-O O-O
16.Rae1 Rae8 17.Ne4 Nxe4 18.dxe4 c4 19.c3 f5 20.e5 Rd8 21.Bb1 Rd5 22.Bc2 Qc6
23.Rd1 Bc5+ 24.Kh1 g5 25.Bc1 Rxd1 26.Rxd1 g4 27.b4 Be7 28.Be3 h5 29.Qf2 Rd8
30.Rxd8+ Bxd8 31.Kg1 Kf7 32.Kf1 h4 33.Bc5 h3 34.g3 Qh1+ 35.Qg1 Qf3+ 36.Qf2
Qxc3 37.Bd4 Qxa3 38.Qd2 Qf3+ 39.Bf2 Qh1+ {#R} 0-1

[Event "GRENKE Chess Open 2017"]
[Site "Karlsruhe GER"]
[Date "2017.04.13"]
[Round "1.9"]
[White "Piorun,K"]
[Black "Wagner,Ber1"]
[Result "1-0"]
[WhiteElo "2651"]
[BlackElo "2145"]

1.e4 e6 2.d4 d5 3.Nc3 Bb4 4.e5 Ne7 5.Bd2 c5 6.a3 Bxc3 7.Bxc3 cxd4 8.Qxd4 Nbc6
9.Qg4 Nf5 10.Nf3 Qb6 11.Bd3 O-O 12.Qh3 d4 13.Bd2 Qxb2 14.O-O Qb6 15.g4 Nh6
16.Bxh6 gxh6 17.Qxh6 f5 18.exf6 {#r} 1-0

[Event "GRENKE Chess Open 2017"]
[Site "Karlsruhe GER"]
[Date "2017.04.13"]
[Round "1.10"]
[White "Huber,E"]
[Black "Grandelius,N"]
[Result "0-1"]
[WhiteElo "2144"]
[BlackElo "2641"]

1.d4 Nf6 2.Nc3 d5 3.e4 Nxe4 4.Nxe4 dxe4 5.Bc4 Nc6 6.c3 e5 7.d5 Ne7 8.f3 Nf5
9.Bb5+ Bd7 10.Bxd7+ Qxd7 11.fxe4 Nd6 12.Qe2 O-O-O 13.Nf3 Qg4 14.Nd2 Qxe2+
15.Kxe2 g6 16.c4 f5 17.b3 Bh6 18.Ba3 Bxd2 19.Bxd6 Bc3 20.Rac1 Bb2 21.Rb1 cxd6
22.Rxb2 fxe4 23.Rf1 Rhf8 24.Rxf8 Rxf8 25.Ke3 Kc7 26.Kxe4 a5 27.g3 Rf1 28.Rc2
h5 29.h3 Re1+ 30.Kf3 Kb6 31.g4 Kc5 32.Kg3 hxg4 33.h4 e4 34.Kf2 Rh1 35.Ke3 g3
36.Rg2 Rh2 37.Rxg3 Rxa2 38.Kxe4 a4 39.Kf4 a3 40.Rxg6 Rf2+ 41.Ke3 a2 42.Rg1 Rb2
{#R} 0-1

[Event "GRENKE Chess Open 2017"]
[Site "Karlsruhe GER"]
[Date "2017.04.13"]
[Round "1.11"]
[White "Kuzubov,Y"]
[Black "Hoffmann,Ac"]
[Result "1-0"]
[WhiteElo "2641"]
[BlackElo "2143"]

1.d4 Nf6 2.c4 e6 3.g3 d5 4.Nf3 c6 5.Bg2 Be7 6.O-O O-O 7.Nc3 Nbd7 8.Nd2 b6 9.e4
dxe4 10.Ndxe4 Nxe4 11.Nxe4 Bb7 12.Bf4 Nf6 13.Qc2 Nxe4 14.Bxe4 f5 15.Bg2 Bf6
16.Rad1 Rf7 17.Rfe1 Qd7 18.c5 Re8 19.b4 b5 20.Qb3 g5 21.Bd6 Rg7 22.Re2 Rg6
23.Qd3 Be7 24.Be5 Bf6 25.Qc2 Rd8 26.Bd6 Be7 27.Bxe7 Qxe7 28.Qxf5 Rf8 29.Qe5
Re8 30.Bf3 g4 31.Bg2 Qg7 32.Qe3 Qc7 33.Rde1 Bc8 34.Be4 Rg7 35.d5 cxd5 36.Bxd5
Ree7 37.Bg2 Bb7 38.Bxb7 Qxb7 39.Qb3 {#r} 1-0

[Event "GRENKE Chess Open 2017"]
[Site "Karlsruhe GER"]
[Date "2017.04.13"]
[Round "1.12"]
[White "Jussim,Maxim"]
[Black "Kozul,Z"]
[Result "0-1"]
[WhiteElo "2143"]
[BlackElo "2631"]

1.e4 c5 2.Nc3 Nc6 3.Bb5 Nd4 4.Bc4 e6 5.Nge2 a6 6.d3 b5 7.Bb3 Nxb3 8.axb3 Bb7
9.O-O d6 10.f4 Nf6 11.Ng3 h5 12.h3 h4 13.Nh1 d5 14.e5 d4 15.exf6 dxc3 16.bxc3
gxf6 17.Kh2 f5 18.Be3 Rg8 19.Rg1 Bd6 20.d4 c4 21.bxc4 bxc4 22.Qd2 Bd5 23.Nf2
Kd7 24.Nd1 Qc7 25.Nb2 Rg3 26.Raf1 Rag8 27.Rf2 Qc6 28.Qc1 a5 29.Bd2 Bxg2
30.Nxc4 Rxh3# 0-1

[Event "GRENKE Chess Open 2017"]
[Site "Karlsruhe GER"]
[Date "2017.04.13"]
[Round "1.15"]
[White "Melkumyan,H"]
[Black "Voss,Gun"]
[Result "1-0"]
[WhiteElo "2619"]
[BlackElo "2142"]

1.e4 e5 2.Nf3 Nc6 3.Nc3 Nf6 4.d4 exd4 5.Nxd4 d6 6.Bb5 Bd7 7.Bxc6 bxc6 8.Qf3
Ng4 9.Bf4 Qf6 10.Nxc6 Nxh2 11.Rxh2 Bxc6 12.O-O-O g5 13.Be3 Qxf3 14.gxf3 f6
15.f4 gxf4 16.Bxf4 Rd8 17.Rh5 Rd7 18.f3 a6 19.b4 Rf7 20.Nd5 Bb5 21.Rdh1 Be2
22.R1h3 Bc4 23.Ne3 Be6 24.Rh1 Be7 25.c4 O-O 26.Ra5 Bc8 27.Bh6 Re8 28.Nf5 Bf8
29.Bf4 Kh8 30.a3 Rd7 31.Bd2 c6 32.Bc3 Rf7 33.Rh5 Be7 34.Nxe7 Rexe7 35.Rag5
{#r} 1-0

[Event "GRENKE Chess Open 2017"]
[Site "Karlsruhe GER"]
[Date "2017.04.13"]
[Round "1.16"]
[White "Feil,S"]
[Black "Banusz,T"]
[Result "0-1"]
[WhiteElo "2141"]
[BlackElo "2613"]

1.e4 e5 2.Nf3 Nc6 3.d4 exd4 4.Nxd4 Nf6 5.Nxc6 bxc6 6.e5 Qe7 7.Qe2 Nd5 8.c4 Nb6
9.Nc3 Qe6 10.Qe4 g6 11.Be2 Bg7 12.f4 O-O 13.O-O d5 14.Qc2 Qe7 15.Be3 Bf5
16.Qc1 Nxc4 17.Bxc4 dxc4 18.Re1 Bd3 19.Nd1 f6 20.Bd4 fxe5 21.Bxe5 Bxe5 22.Rxe5
Qxe5 {#R} 0-1

[Event "GRENKE Chess Open 2017"]
[Site "Karlsruhe GER"]
[Date "2017.04.13"]
[Round "1.17"]
[White "Landa,K"]
[Black "Weishaeutel,Moritz"]
[Result "1-0"]
[WhiteElo "2611"]
[BlackElo "2141"]

1.d4 d5 2.c4 e6 3.Nc3 Nf6 4.cxd5 exd5 5.Bg5 Be7 6.e3 Nbd7 7.Bd3 O-O 8.Qc2 c6
9.h3 Re8 10.Bf4 Nf8 11.Nf3 Bd6 12.Bxd6 Qxd6 13.O-O h6 14.Rab1 a5 15.Na4 N8d7
16.Nd2 Qe7 17.Rfc1 Ne4 18.Nxe4 dxe4 19.Bf1 Kh8 20.a3 f5 21.Qd2 Qd6 22.Rc2 Ra7
23.Rbc1 Ra8 24.Rd1 Rd8 25.Qc1 Rb8 26.Qd2 Ra8 27.Qe1 Kh7 28.Rdc1 Kh8 29.g3 Re8
30.Qc3 Kh7 31.Be2 Rf8 32.Rd1 Nf6 33.Qc5 Qxc5 34.Rxc5 Nd5 35.Bc4 Nc7 36.Nb6 Ra7
37.Nxc8 Rxc8 38.Rxf5 Ne8 39.Be6 Rd8 40.Rf8 Raa8 41.Bf5+ g6 42.Rf7+ Kg8 43.Be6
{#r} 1-0

[Event "GRENKE Chess Open 2017"]
[Site "Karlsruhe GER"]
[Date "2017.04.13"]
[Round "1.19"]
[White "Buhmann,R"]
[Black "Fichter,F"]
[Result "1-0"]
[WhiteElo "2609"]
[BlackElo "2137"]

1.Nf3 d5 2.d4 e6 3.c4 c6 4.Nbd2 Nd7 5.e4 dxe4 6.Nxe4 Ngf6 7.Bd3 c5 8.O-O cxd4
9.Re1 Nc5 10.Nxf6+ gxf6 11.Bf1 d3 12.b4 Nd7 13.a3 a5 14.Rb1 axb4 15.axb4 Ne5
16.Nxe5 fxe5 17.Bxd3 Bg7 18.Bb2 Qg5 19.Re3 f5 20.Rg3 Qe7 21.Qe1 Bf6 22.Bxe5
Rf8 23.c5 Bxe5 24.Qxe5 Bd7 25.Be2 Qf6 26.Bh5+ Ke7 27.Rg7+ {#r} 1-0